Personnages fictifs commençant par la lettre F - Statistiques

Statistiques générales
  • Ce quiz a été pris 102 fois
  • Le résultat moyen est 15 sur 30
Statistiques - réponses
Par images Réponse % Correct
Fiona
99%
Fifi
94%
Franklin
91%
Fred
89%
Falbala
83%
Flash
82%
Flash Mcqueen
77%
Fleur
74%
Fantasio
73%
Fantomas
69%
Fleur Delacour
65%
Fred Weasley
64%
Ferb
63%
Fifi Brindacier
63%
Félix
57%
Finn
52%
Frodon Sacquet
52%
Falcon
50%
Filius Flitwick
41%
Fée Marraine
39%
Frozone
31%
Fantomette
28%
Félix le chat
28%
Fée Bleue
22%
Figaro
22%
Flora
13%
Flynn Ryder
11%
Frou-frou
7%
Fée Marie
5%
Fouchette
1%
Aucun quiz correspondant
Distribution des résultats
% des personnes avec chaque résultat
Percentile par nombre de réponses
Votre historique - résultats
Vous n’avez pas pris ce quiz